[Event "Challenge"]
[Site "http://www.queenalice.com/game.php?id=392486"]
[Date "2008.4.24"]
[Round "-"]
[White "Manoel"]
[Black "AnderBob"]
[Result "0-1"]
[WhiteElo "1445"]
[BlackElo "1677"]

1. Nc3 Nc6 2. e4 e5 3. Bc4 f5 4. exf5 Nf6 5. Bd3 Bc5 6. Ne4 Nxe4 7. Bxe4 d5 8.
Bf3 Qh4 9. g3 Qf6 10. Bg4 Bxf5 11. Qe2 Bxg4 12. Qxg4 Qxf2+ 13. Kd1 Qf1# 0-1

[Event "Challenge"]
[Site "http://www.queenalice.com/game.php?id=393015"]
[Date "2008.4.25"]
[Round "-"]
[White "Manoel"]
[Black "whiterookie"]
[Result "0-1"]
[WhiteElo "1463"]
[BlackElo "1547"]

1. Nc3 e5 2. e4 Bc5 3. Qf3 Nf6 4. Bc4 Nc6 5. Qg3 O-O 6. d3 h6 7. Bxh6 Nh5 8. Qg5
Qxg5 9. Bxg5 Nb4 10. O-O-O Bxf2 11. Nf3 d6 12. a3 Nc6 13. Nb5 Nd4 14. Rd2 Nxf3
15. gxf3 Bb6 16. Rg1 Bxg1 17. Nc3 Be6 18. Nd5 Bxd5 19. Bxd5 c6 20. Bc4 b5 21.
Bb3 Nf4 22. Be7 Rfe8 23. Bxd6 Be3 24. h4 Bxd2+ 25. Kxd2 Rad8 26. Bc7 Rd7 27. Ba5
c5 28. a4 c4 29. Ba2 cxd3 30. cxd3 Rxd3+ 31. Ke1 Rxf3 32. axb5 Rh3 33. b6 axb6
34. Bxb6 Rb8 35. Ba7 Rxb2 36. Bd5 Rh1+ 37. Bg1 Rxg1# 0-1

[Event "Challenge"]
[Site "http://www.queenalice.com/game.php?id=393771"]
[Date "2008.4.26"]
[Round "-"]
[White "jeoncheppi"]
[Black "Manoel"]
[Result "0-1"]
[WhiteElo "1565"]
[BlackElo "1442"]

1. e4 Nf6 2. Nc3 g6 3. Nf3 Nc6 4. Bc4 b6 5. Ng5 e6 6. d4 h6 7. Nf3 Na5 8. Bd3 c5
9. d5 Bb7 10. e5 Nxd5 11. Nb5 g5 12. Nd6+ Ke7 0-1

[Event "AUTO-INT-881"]
[Site "http://www.queenalice.com/game.php?id=394522"]
[Date "2008.4.28"]
[Round "1"]
[White "Manoel"]
[Black "juim"]
[Result "0-1"]
[WhiteElo "1452"]
[BlackElo "1696"]

1. Nc3 e5 2. e4 d6 3. Bc4 Qg5 4. Qf3 f6 5. d3 Qg6 6. Nd5 Qf7 7. g4 Be6 8. g5 Nc6
9. c3 Na5 10. gxf6 O-O-O 11. fxg7 Qxg7 12. b4 Nxc4 13. dxc4 Ne7 14. Qf6 Qxf6 15.
Nxf6 Bxc4 16. Be3 Bg7 17. Nh5 Rhg8 18. Bxa7 b6 19. Nf3 Kb7 20. Bxb6 Kxb6 21. Rg1
Ng6 22. Ng5 Nf4 23. Ng3 h6 24. Ne6 Bxe6 25. Nh5 Nxh5 26. O-O-O Rgf8 27. Rg6 Bxa2
28. Rd2 Bf7 29. Rg1 Ra8 30. Re1 Ra1+ 31. Kc2 Rxe1 32. h4 Bg6 33. Rd1 Rxf2+ 34.
Kc1 Rxd1+ 35. Kxd1 Bxe4 36. Ke1 Ra2 37. Kd1 Nf4 38. c4 c5 39. bxc5+ Kxc5 40. Kc1
Bf3 41. Kb1 Rh2 42. Kc1 Kxc4 43. h5 e4 44. Kb1 Kc3 45. Ka1 Kb3+ 46. Kb1 Rh1# 0-1

[Event "AUTO-INT-881"]
[Site "http://www.queenalice.com/game.php?id=394523"]
[Date "2008.4.28"]
[Round "1"]
[White "juim"]
[Black "Manoel"]
[Result "1-0"]
[WhiteElo "1766"]
[BlackElo "1470"]

1. e4 Nf6 2. Bd3 e5 3. Nf3 Bd6 4. O-O b6 5. Nc3 Ba6 6. Bxa6 Nxa6 7. d4 c5 8.
dxe5 Be7 9. exf6 gxf6 10. Nd5 Rg8 11. e5 Rg6 12. Nxe7 Qxe7 13. Re1 Nb4 14. exf6
Rxf6 15. Rxe7+ Kxe7 16. Bg5 Ke6 17. Qe2+ Kf5 18. Qe5+ Kg6 19. Bxf6 Nc6 20. Qg5#
1-0

[Event "AUTO-INT-881"]
[Site "http://www.queenalice.com/game.php?id=394524"]
[Date "2008.4.28"]
[Round "1"]
[White "Manoel"]
[Black "dequeue"]
[Result "0-1"]
[WhiteElo "1473"]
[BlackElo "1811"]

1. Nc3 d5 2. e4 d4 3. Nd5 e5 4. Qf3 Nf6 5. Bc4 Bg4 6. Qd3 c6 7. Nxf6+ Qxf6 8.
Qg3 Bh5 9. d3 h6 10. Nf3 Bxf3 11. gxf3 Bb4+ 12. Bd2 Bxd2+ 13. Kxd2 a5 14. Rhg1
Rg8 15. Qh3 Nd7 16. Qf5 Qxf5 17. exf5 b5 18. Bb3 a4 19. Bxf7+ Kxf7 20. Rae1 Kf6
21. c3 c5 22. Rg6+ Kxf5 23. Rd6 Nf6 24. Rb6 Rab8 25. Rc6 Rgc8 26. Re6 Re8 27.
Rc6 Nd7 28. Re4 Re6 29. Rc7 dxc3+ 30. bxc3 Rd6 31. Rg4 g5 32. h4 c4 33. hxg5
Rxd3+ 34. Kc2 hxg5 35. Rg3 Nf6 36. Rg7 Rg8 37. R3xg5+ Kf4 38. Rxg8 Nxg8 39. Rxg8
Kxf3 40. Rf8+ Ke4 41. a3 Rf3 42. Rb8 Rxf2+ 43. Kd1 Kd3 44. Ke1 Ra2 45. Rxb5 e4
46. Rb1 Kxc3 47. Rc1+ Rc2 48. Kd1 Rxc1+ 49. Kxc1 e3 50. Kd1 Kb2 51. Ke2 c3 52.
Kxe3 c2 53. Kd3 c1=Q 54. Kd4 Qc3+ 55. Kd5 Kxa3 56. Kd6 Qd4+ 57. Kc6 Kb4 58. Kc7
Qd5 59. Kc8 Qf7 60. Kd8 Kc5 61. Kc8 Kc6 62. Kd8 Qd7# 0-1

[Event "AUTO-INT-881"]
[Site "http://www.queenalice.com/game.php?id=394525"]
[Date "2008.4.28"]
[Round "1"]
[White "dequeue"]
[Black "Manoel"]
[Result "1-0"]
[WhiteElo "1741"]
[BlackElo "1463"]

1. e4 Nf6 2. d4 Nxe4 3. Bd3 d5 4. c4 Bf5 5. f3 Nd6 6. c5 Bxd3 7. cxd6 Bxb1 8.
dxc7 Qxc7 9. Rxb1 Nc6 10. Ne2 Qa5+ 11. Nc3 g6 12. O-O Bg7 13. Be3 Qxa2 14. Nxa2
e5 15. dxe5 Rd8 16. Nc3 d4 17. Bxd4 Nxd4 18. Qa4+ b5 19. Nxb5 Ne2+ 20. Kh1 Bxe5
21. Nc3+ Rd7 22. Nxe2 f5 23. Rfd1 h5 24. Rxd7 Rf8 25. Rd5+ Ke7 26. Rxe5+ Kf6 27.
Qd4 Re8 28. Rxe8+ Kg5 29. h4+ Kh6 30. Rh8# 1-0

[Event "AUTO-INT-881"]
[Site "http://www.queenalice.com/game.php?id=394526"]
[Date "2008.4.28"]
[Round "1"]
[White "Manoel"]
[Black "El_Montes"]
[Result "0-1"]
[WhiteElo "1470"]
[BlackElo "1557"]

1. Nc3 e5 2. e4 Qf6 3. Qg4 Bc5 4. Qf3 Qxf3 5. gxf3 Nf6 6. Nh3 h6 7. Rg1 Nh5 8.
Be2 d6 9. Nd5 Bxh3 10. Nxc7+ Kd7 11. Nxa8 a6 12. f4 Nxf4 13. Rxg7 Kc8 14. Rxf7
Rg8 15. Rc7+ Kd8 16. d3 Nd7 17. Rxb7 Rg1+ 18. Kd2 Bxf2 19. Nc7 Re1 20. Bh5 Nf6
21. Bf7 Re2+ 22. Kc3 Bd4+ 23. Kb3 Bc8 24. Nxa6 Bxb7 25. Nb8 Ke7 26. Bc4 d5 27.
Bb5 dxe4 28. Nc6+ Kd6 29. Nd8 exd3 30. cxd3 Kc5 31. Bc4 Rxh2 32. Nxb7+ Kb6 33.
Nd6 h5 34. Nc8+ Kc5 35. a4 Kc6 36. a5 Rh1 37. a6 Kc7 38. a7 Bxa7 39. Rxa7+ Kxc8
40. Ba6+ Kb8 41. Be3 Re1 42. Bc5 h4 43. Bd6+ Kxa7 44. Bc8 Nxd3 45. Kc3 e4 46. b4
Rc1+ 47. Kd2 Rxc8 48. Be7 h3 49. Bxf6 h2 50. Bd4+ Ka6 51. Ke3 h1=Q 52. Bf6 Qf3+
53. Kd2 Qf2+ 54. Kd1 Rc1# 0-1

[Event "Challenge"]
[Site "http://www.queenalice.com/game.php?id=395008"]
[Date "2008.4.28"]
[Round "-"]
[White "Manoel"]
[Black "diegmr2008"]
[Result "1-0"]
[WhiteElo "1493"]
[BlackElo "1492"]

1. Nc3 Nf6 2. e4 e5 3. Nf3 Nc6 4. d4 d6 5. d5 Ne7 6. a4 Bg4 7. h3 Bd7 8. Bb5 c6
9. Bc4 a6 10. h4 Rc8 11. b3 cxd5 12. Nxd5 Nexd5 13. exd5 Qb6 14. Be3 Qb4+ 15.
Qd2 Qxd2+ 16. Kxd2 Ne4+ 17. Ke2 b5 18. Bd3 Nf6 19. Rac1 g6 20. c4 bxa4 21. bxa4
Bxa4 22. Ra1 Bd7 23. Rxa6 Bg4 24. c5 dxc5 25. Rxf6 Bg7 26. Rc6 Ra8 27. Rxc5 O-O
28. Rc4 Bh5 29. g4 Bxg4 30. Rxg4 f5 31. Rc4 e4 32. Bc2 exf3+ 33. Kxf3 Rfd8 34.
Rd1 Ra2 35. Ba4 Bf6 36. Bb6 Rd6 37. Rc6 Ra3+ 38. Ke2 Rd7 39. Rc8+ Kg7 40. Bxd7
Bxh4 41. Rdc1 Kf6 42. Bd8+ Ke5 43. Bxh4 1-0

[Event "Invitation"]
[Site "http://www.queenalice.com/game.php?id=405979"]
[Date "2008.5.21"]
[Round "-"]
[White "Brenovid"]
[Black "Manoel"]
[Result "0-1"]
[WhiteElo "1100"]
[BlackElo "1438"]

1. d4 e6 2. Nc3 Qf6 3. e3 c5 4. d5 Na6 5. Nf3 Nh6 6. h3 b6 7. Bb5 Bb7 8. a4 Qf5
9. dxe6 Qxe6 10. Ng5 Qe5 11. Bxd7+ Ke7 12. Bb5 Rd8 13. Qh5 Nb4 14. Qxf7+ Nxf7
15. Nxf7 Kxf7 16. Kf1 Nxc2 17. Ra2 Rd1+ 18. Nxd1 Qe4 19. Rg1 c4 20. a5 a6 21.
Bd7 Qd3# 0-1

[Event "Challenge"]
[Site "http://www.queenalice.com/game.php?id=419999"]
[Date "2008.6.19"]
[Round "-"]
[White "Manoel"]
[Black "Brenovid"]
[Result "1-0"]
[WhiteElo "1440"]
[BlackElo "1079"]

1. Nc3 c5 2. e4 Nf6 3. Bc4 h5 4. Qf3 Rh6 5. e5 Rg6 6. exf6 exf6 7. Qxh5 Qe7+ 8.
Nge2 Nc6 9. b3 Nb4 10. Kd1 Rxg2 11. Qf3 Rg5 12. a3 Nc6 13. Nb5 Kd8 14. d3 a6 15.
Nbc3 Re5 16. Re1 Nd4 17. Qg4 Nxe2 18. Nxe2 b5 19. f4 Rg5 20. fxg5 bxc4 21. gxf6
Qxf6 22. Bg5 Qxg5 23. Qxg5+ Ke8 24. Nc3+ Be7 25. Qxe7# 1-0

[Event "Challenge"]
[Site "http://www.queenalice.com/game.php?id=420288"]
[Date "2008.6.20"]
[Round "-"]
[White "Manoel"]
[Black "Brenovid"]
[Result "0-1"]
[WhiteElo "1463"]
[BlackElo "1147"]

1. e4 d5 2. Nc3 e6 3. Nf3 g6 4. d4 Bb4 5. a3 Be7 6. Qd2 Nc6 7. b4 h5 8. Ng5 Bxg5
9. Qxg5 e5 10. dxe5 dxe4 11. Nxe4 Bf5 12. Bd3 Nd4 13. Be3 Ne7 14. Bxd4 Qxd4 15.
Rd1 Qxe5 16. f3 Rd8 17. h3 Qb2 18. g4 Bxe4 19. fxe4 Qxa3 20. Qa5 Qc3+ 21. Rd2
hxg4 22. Qc5 Qa1+ 23. Rd1 Qb2 24. O-O gxh3 25. Rf2 Rd4 26. c3 h2+ 27. Kh1 Qxf2
28. cxd4 Qf3# 0-1

[Event "Challenge"]
[Site "http://www.queenalice.com/game.php?id=420460"]
[Date "2008.6.20"]
[Round "-"]
[White "Manoel"]
[Black "m"]
[Result "0-1"]
[WhiteElo "1505"]
[BlackElo "1906"]

1. e4 c5 2. Nc3 e6 3. Bc4 a6 4. b4 cxb4 5. Rb1 bxc3 6. dxc3 b5 7. Be2 Bb7 8. f3
Nf6 9. e5 Nd5 10. c4 Nc3 11. Qd3 Nxb1 12. f4 Bb4+ 13. Kd1 Nc3+ 14. Kd2 Qh4 15.
g3 Qe7 16. Bb2 Ne4+ 17. Kd1 Nf2+ 18. Kc1 Nxd3+ 19. Bxd3 Bxh1 20. a3 Bxa3 21.
cxb5 Bxb2+ 22. Kxb2 Qb4+ 23. Kc1 axb5 24. Nh3 Ra1# 0-1

[Event "Challenge"]
[Site "http://www.queenalice.com/game.php?id=427301"]
[Date "2008.7.4"]
[Round "-"]
[White "yclaudiu35"]
[Black "Manoel"]
[Result "0-1"]
[WhiteElo "1599"]
[BlackElo "1509"]

1. e4 Nc6 2. Nc3 e5 3. Bc4 Bc5 4. Qf3 f6 5. Bxg8 Rxg8 6. Nge2 Nd4 7. Nxd4 Bxd4
8. Qh5+ g6 9. Qxh7 Rf8 10. Qxg6+ Rf7 11. h4 Qe7 12. Nd5 Qd6 13. h5 Qc5 14. h6
Bxf2+ 15. Kd1 c6 16. Nc7+ Kd8 17. Nxa8 d5 18. Qxf7 Bg4# 0-1

[Event "Challenge"]
[Site "http://www.queenalice.com/game.php?id=427344"]
[Date "2008.7.4"]
[Round "-"]
[White "Manoel"]
[Black "bobby08"]
[Result "0-1"]
[WhiteElo "1503"]
[BlackElo "1744"]

1. Nc3 d5 2. d4 Nf6 3. f3 e6 4. e4 Bb4 5. e5 Nfd7 6. a3 Ba5 7. b4 Bb6 8. Nh3
Qh4+ 9. g3 Qxd4 10. Bd2 Qxe5+ 11. Be2 Nc6 12. f4 Qf6 13. Nb5 a6 14. Nc3 Bd4 15.
Ng5 Bxc3 16. Rb1 h6 17. Nf3 Nd4 18. Bxc3 Nxf3+ 0-1

[Event "Invitation"]
[Site "http://www.queenalice.com/game.php?id=427789"]
[Date "2008.7.5"]
[Round "-"]
[White "Brenovid"]
[Black "Manoel"]
[Result "1-0"]
[WhiteElo "1296"]
[BlackElo "1503"]

1. Nf3 Nc6 2. d4 d5 3. Nc3 f5 4. g3 e6 5. Nb5 Bb4+ 6. c3 Ba5 7. Bg5 Nf6 8. Ne5
h6 9. Ng6 Rg8 10. b4 Nxb4 11. cxb4 Bxb4+ 12. Bd2 a5 13. a3 Bxd2+ 14. Qxd2 Bd7
15. a4 Kf7 16. Nf4 Qe8 17. Nxc7 Qc8 18. Nxa8 Qxa8 19. h4 b6 20. h5 Qe8 21. Rb1
Ne4 22. Qe3 Qb8 23. Ng6 Bxa4 24. Ne5+ Kf6 25. Rb3 Qc7 26. g4 Rc8 27. Rb2 Nc3 28.
Nf3 Nd1 29. Qe5+ Qxe5 30. Nxe5 Nxb2 31. f3 Rc1+ 32. Kd2 Rc2+ 33. Ke1 Rc1+ 34.
Kf2 b5 35. e3 Rc2+ 36. Ke1 Rc1+ 37. Kf2 b4 38. f4 Rc2+ 39. Kf3 b3 40. g5+ hxg5
41. fxg5+ Kxg5 42. Nf7+ Kf6 43. Ne5 Nd1 44. h6 Rc8 45. Ba6 Rc3 46. h7 1-0

[Event "Challenge"]
[Site "http://www.queenalice.com/game.php?id=432404"]
[Date "2008.7.13"]
[Round "-"]
[White "Alberto_Lixa"]
[Black "Manoel"]
[Result "1-0"]
[WhiteElo "1836"]
[BlackElo "1479"]

1. e4 e5 2. Nf3 Nc6 3. Bb5 a6 4. Be2 Nf6 5. d3 d5 6. exd5 Nxd5 7. Bg5 Be7 8.
Bxe7 Qxe7 9. O-O g5 10. Nbd2 Bf5 11. c4 g4 12. Ne1 Ndb4 13. Qb3 Nd4 14. Qa4+ c6
15. Qb3 Nxb3 16. Nxb3 e4 17. dxe4 Bxe4 18. Bxg4 1-0

[Event "QA-ANNIV-04"]
[Site "http://www.queenalice.com/game.php?id=445793"]
[Date "2008.8.8"]
[Round "2"]
[White "sergiogvh"]
[Black "Manoel"]
[Result "1-0"]
[WhiteElo "2313"]
[BlackElo "1505"]

1. e4 Nc6 2. Nf3 e5 3. d4 f6 4. dxe5 fxe5 5. Bc4 Nf6 6. Ng5 h6 7. Nf7 Qe7 8.
Nxh8 Qc5 9. Bb3 Nxe4 10. Qh5+ Ke7 11. Ng6+ 1-0